Responses for Show #5658 - Wednesday, March 25, 2009

Contestants

[<< previous game]

Fred Beukema, a structural engineer from Minneapolis, Minnesota

Beth Crosland, a caregiver from Tulsa, Oklahoma

Dana Sause, a logistics manager originally from Wallingford, Connecticut (whose 1-day cash winnings total $17,610)

[next game >>]

Jeopardy! Round responses

THE SOPRANOS
BATTLES BY PRESENT-DAY COUNTRY
EMAIL ETIQUETTE
DUMB STUFF I SAW ON THE ROAD
TASMANIA MANIA
BEFORE & AFTER
    $200 6
(Dana: Who is James Gandolfino?)

James Gandolfini

DanaFred
    $200 26
Vietnam

Beth
    $200 16
capitals

Dana
    $200 21
Honda

Beth
    $200 11
the Tasmanian devil

Fred
    $200 1
An Inconvenient Truth serum

Fred
    $400 7
Frankie Valli

Fred
    $400 27
France

Fred
    $400 17
a paper clip

Fred
    $400 22
"Baby on Board"

Fred
    $400 12
the 17th Century

Triple Stumper
    $400 2
Edward Norton AntiVirus

Beth
    $600 8
the Bada Bing!

Fred
    $600 28
Italy

Dana
    $600 18
(Beth: What is circular?)
(Dana: What is blind copy?)

forward

DanaBeth
Triple Stumper
    $600 23
machine

Fred
    $1,200 13
the Pacific Ocean

Fred
    $600 3
(Dana: Who is Yang Mao Zedong?)

Yao Ming Dynasty

DanaFred
    $800 9
Lauren Bacall

Fred
    $800 29
Ireland

Beth
    $800 19
spam

Beth
    $800 24
K

Beth
    $800 14
opium poppies

Beth
    $800 4
Chris Martin Short

Fred
    $1000 10
Peter Bogdanovich

Triple Stumper
    $1000 30
the Netherlands

Dana
    $1000 20
blind carbon copy

Beth
    $1000 25
1996

Fred
    $1000 15
(Fred: What is New South Wales?)

Victoria

Fred
Triple Stumper
    $1000 5
The Call of the Wild Thornberrys

Triple Stumper

Scores at the first commercial break (after clue 15):

Dana Beth Fred
-$800 $1,200 $4,000

Scores at the end of the Jeopardy! Round:

Dana Beth Fred
$400 $4,400 $6,800

Double Jeopardy! Round responses

THE SOPRANOS
(Alex: Not the TV series.)
ENTERTAINERS' ORIGINAL NAMES
HEALTH & FITNESS
ALL THE PRESIDENTS' CHILDREN
ALSO FOUND AT A CIRCUS
BEFORE AN "AFTER"
(Alex: Each correct response will end with a-f-t-e-r.)
    $400 17
Wagner

Fred
    $400 12
Charlie Sheen

Dana
    $400 26
cholesterol

Triple Stumper
    $400 1
(Dana: Who is Barbara Bush?)

Jenna Bush

DanaBeth
    $400 7
three rings

Fred
    $400 2
Happily Ever After

Fred
    $800 18
Beverly Sills

Fred
    $800 13
David Copperfield

Dana
    $1,000 27
the Body Mass Index

Fred
    $800 22
Thomas Jefferson

Beth
    $800 8
Acrobat

Dana
    $800 3
the hereafter

Fred
    $1200 19
The Barber of Seville

Triple Stumper
    $1200 14
(Fred: Who is Coolio?)
(Dana: Who is Ice-T?)

Ice Cube

DanaBethFred
    $1200 28
[The end-of-round signal sounds.]

your heart rate

Dana
    $2,000 23
(Beth: ... no, sorry.)

Margaret Truman

Beth
    $1200 9
a clownfish

Dana
    $1200 4
a morning after

Dana
    $1600 20
Leontyne Price

Fred
    $1600 15
Raquel Welch

Fred
    $1600 24
(Dana: Who is Tad Lincoln.)

Robert Todd Lincoln

DanaFred
    $1600 10
tumblers

Beth
    $1600 5
a rafter

Fred
    $2000 21
Puccini

Fred
    $2000 16
Rita Hayworth

Fred
    $2000 25
Ulysses Grant

Triple Stumper
    $2000 11
a safety net

Dana
    $2000 6
The Day After

Dana

Scores at the end of the Double Jeopardy! Round:

Dana Beth Fred
$6,800 $6,400 $19,800
(lock game)

[wagering suggestions for these scores]

Final Jeopardy! Round responses

AUTHORS
BethWho is Dickens?
$6,300
DanaWho was Lewis Carroll?
$6,000
FredWho was Lewis Carroll?
$2,000
Lewis Carroll

Final scores:

Dana Beth Fred
$12,800 $100 $21,800
2nd place: $2,000 3rd place: $1,000 New champion: $21,800

Game dynamics:

Coryat scores:

Dana Beth Fred
$6,800 $8,400 $19,000
11 R,
6 W
12 R,
2 W
(including 1 DD)
26 R
(including 2 DDs),
2 W

Combined Coryat: $34,200

[game clues] [game scores] [suggest correction]

Game tape date: 2009-01-27
The J! Archive is created by fans, for fans. Scraping, republication, monetization, and malicious use prohibited; this site may use cookies and collect identifying information. See terms. The Jeopardy! game show and all elements thereof, including but not limited to copyright and trademark thereto, are the property of Jeopardy Productions, Inc. and are protected under law. This website is not affiliated with, sponsored by, or operated by Jeopardy Productions, Inc. Join the discussion at JBoard.tv.